Statistics for Vampire Diaries

Click here to take the quiz!

General Stats

  • This quiz has been taken 350 times
  • The average score is 8 of 15

Answer Stats

HintAnswer% Correct
Who Plays ElenaNina Dobrev
95%
Who Has The Best Control Over BloodlustCaroline
93%
Who Plays StefanPaul Wesley
89%
Who Plays DamonIan Somerhalder
87%
How Many Original Vampires Are There6
76%
The Best CoupleStelena
64%
Whose Bloodline is Stefan InKlaus
60%
Where is Katherine Originally FromBulgaria
58%
Who Is a Possible Love Intrest For ElijahHayley
50%
Who Killed The Human Salvatore BrothersGiuseppe Salvatore
33%
Where did Tyler Trigger His CurseHis House
23%
Who Is In a love Triangle with KlausTyler and Caroline
22%
What song does Caroline Sing To MattEternal Flame
16%
What is the Stone that can Protect Vampires from the SunLapis Lazuli
9%
What is Bonnie As Of Season 5The anchor to the other side
5%

Score Distribution

Percentile by Number Answered

Percent of People with Each Score

Your Score History

You have not taken this quiz